LIBRARY & INFORMATION CENTRE, KCAET, TAVANUR

ONLINE PUBLIC ACCESS CATALOGUE (OPAC)

Normal view MARC view
  • Norman, A. G.

Entry Personal Name

Number of records used in: 4

001 - CONTROL NUMBER

  • control field: 1723

003 - CONTROL NUMBER IDENTIFIER

  • control field: OSt

005 - DATE AND TIME OF LATEST TRANSACTION

  • control field: 20161007141123.0

008 - FIXED-LENGTH DATA ELEMENTS

  • fixed length control field: 161007|| aca||aabn | a|a d

040 ## - CATALOGING SOURCE

  • Original cataloging agency: OSt
  • Transcribing agency: OSt

100 ## - HEADING--PERSONAL NAME

  • Personal name: Norman, A. G.

670 ## - SOURCE DATA FOUND

  • Source citation: Work cat.: (OSt)10633: Norman, A. G., Advances in Agronomy, Vol - 12 / , 1960.
free website counter